| 000 | 00000nam##2200000za#4500 |
| 001 | 9.672307 |
| 003 | CaOODSP |
| 005 | 20210615130806 |
| 007 | co ||||||||||| |
| 008 | 150407|2010||||xxc |q d f### # eng|d |
| 020 | |a978-0-660-65423-2 |
| 040 | |aCaOODSP|beng |
| 041 | |aeng |
| 041 | |afre |
| 043 | |an-cn--- |
| 086 | 1 |aCS91-520/2010-MRC |
| 245 | 00|aPopulation projections for Canada, provinces and territories, with detailed electronic tables 2009-2036 (2009-2061 for Canada) |h[electronic resource] |
| 260 | |aOttawa - Ontario : |bStatistics Canada |c[Release date: June 2010]. |
| 300 | |a1 disc. |
| 520 | 3 |aContains the English and French versions of the report on Population Projections for Canada, Provinces and Territories (in PDF format) as well as tables (in the form of spreadsheets) presenting data by sex, single year of age, province/territory and projection year for projection scenarios. Based on the July 2009 population estimate, these projections present a detailed picture of the Canadian population for the provinces/territories until 2036, and for all of Canada until 2061, subject to certain hypotheses related to components of population growth. |
| 538 | |aIBM compatible Pentium III or higher; Microsoft Windows 2000 SP4 or higher; Microsoft Mouse or compatible; 128 MB of RAM; 110 MB hard disk space; CD-ROM reader. |
| 590 | |a10-27|b2010-07-09 |
| 690 | 07|aPopulation|2gcpds |
| 710 | 2 |aStatistics Canada. |
| 792 | |tProjections démographiques pour le Canada, les provinces et les territoires, avec tableaux électroniques détaillés 2009-2036 (2009-2061 pour le Canada) |efre|w(CaOODSP)9.672308 |